El secreto de Jazmín /

Guardado en:
Autor Principal: Mariño, Ricardo.
Otros Autores: Barreiro, Sebastián; il.
Formato: Libro
Idioma:Undetermined
Publicado: Buenos Aires : El gato de hojalata, 2005.
Series:Figucuento
Materias:
Etiquetas: Agregar Etiqueta
Sin Etiquetas, Sea el primero en etiquetar este registro!
LEADER 00664nam a22002055a 4500
001 CEM.cems024593
008 250513s2005####ag############000#0#und#d
005 20250513170013.0
245 1 0 |a El secreto de Jazmín /  |c Ricardo Mariño ; ilustraciones de Sebastián Barreiro. 
260 |a Buenos Aires :  |b El gato de hojalata,  |c 2005. 
300 |a 16 p. 
490 1 |a Figucuento 
020 |a 9871175957 
100 1 |a Mariño, Ricardo. 
700 1 |a Barreiro, Sebastián; il. 
653 |a Pictocuentos 
653 |a Literatura argentina 
653 |a Literatura infantil 
653 |a Cuento infantil 
859 |a CEMS  |b BIB. CEMS - Inicial y Primaria  |h A863.4  |i M339-11  |k IP  |p 2833  |t Ej.1